শিল্পের কথা শিল্পীর কথা / (Record no. 2525)

MARC details
000 -LEADER
fixed length control field 01004nam a2200253 a 4500
003 - CONTROL NUMBER IDENTIFIER
control field BD-DhJNU
005 - DATE AND TIME OF LATEST TRANSACTION
control field 20260113084054.0
008 - FIXED-LENGTH DATA ELEMENTS--GENERAL INFORMATION
fixed length control field 251108s2023 bg |||g |||| 000 1|ben|d
020 ## - INTERNATIONAL STANDARD BOOK NUMBER
International Standard Book Number 9789391230777
040 ## - CATALOGING SOURCE
Original cataloging agency BD-DhJNU
Language of cataloging ben
Transcribing agency BD-DhJNU
Modifying agency BD-DhJNU
041 ## - LANGUAGE CODE
Language code of text/sound track or separate title ben
082 ## - DEWEY DECIMAL CLASSIFICATION NUMBER
Classification number 701.17 MIS
Edition number 23
100 ## - MAIN ENTRY--PERSONAL NAME
Personal name মিত্র, হিরণ
242 10 - TRANSLATION OF TITLE BY CATALOGING AGENCY
Title Social work :
Remainder of title concept and theory /
Statement of responsibility, etc. Md. Atiqur Rahman
245 10 - TITLE STATEMENT
Title শিল্পের কথা শিল্পীর কথা /
Statement of responsibility, etc. হিরণ মিত্র
246 ## - VARYING FORM OF TITLE
Title proper/short title somaj kormo dharona ebong totho.
250 ## - EDITION STATEMENT
Edition statement 1st ed.
260 ## - PUBLICATION, DISTRIBUTION, ETC.
Place of publication, distribution, etc. কলকাতা :
Name of publisher, distributor, etc. তবুও প্রয়াস,
Date of publication, distribution, etc. 2023.
300 ## - PHYSICAL DESCRIPTION
Extent ১৫৬ পৃ. :
Other physical details চিত্র ;
Dimensions ২১ সেমি.।
504 ## - BIBLIOGRAPHY, ETC. NOTE
Bibliography, etc. note গ্রন্থপঞ্জিগত নির্দেশিকা ও নিঘন্ট অন্তভূক্ত
650 ## - SUBJECT ADDED ENTRY--TOPICAL TERM
Topical term or geographic name entry element শিল্পসমালোচনা
650 ## - SUBJECT ADDED ENTRY--TOPICAL TERM
Topical term or geographic name entry element Art criticism
942 ## - ADDED ENTRY ELEMENTS (KOHA)
Koha item type Books
Holdings
Withdrawn status Lost status Source of classification or shelving scheme Damaged status Not for loan Collection Home library Current library Shelving location Date acquired Source of acquisition Total checkouts Full call number Barcode Date last seen Copy number Price effective from Koha item type
    Dewey Decimal Classification     Non-fiction Jagannath University Central Library Jagannath University Central Library General stacks 01/13/2026 Purchased   701.17 MIS JNUCL35040 01/13/2026 1 01/13/2026 Books